000 01479nam a2200373 i 4500
001 ELB124035
003 FINmELB
005 20250326043045.0
006 m o u
007 cr cn|||||||||
008 160224t20162016sp o 000 0 spa d
020 _z9788498161465
020 _a9788498971699 (e-book)
035 _a(OCoLC)1149104418
040 _aFINmELB
_bspa
_erda
_cFINmELB
043 _as-ve---
050 4 _aKHW2914 1999
_b.C667 2016
082 0 _a342.87023
_223
245 0 0 _aConstituciones fundacionales de Venezuela /
_cdiseño de cubierta, Mario Eskenazi.
264 1 _aBarcelona, [Spain] :
_bLinkgua,
_c2016.
264 4 _c2016
300 _a1 recurso en línea (63 pages)
336 _atexto
_btxt
_2rdacontent/spa
337 _acomputadora
_bc
_2rdamedia/spa
338 _arecurso en línea
_bcr
_2rdacarrier/spa
588 _aDescripción basada en metadatos suministrados por el editor y otras fuentes.
590 _aRecurso electrónico. Santa Fe, Arg.: elibro, 2020. Disponible vía World Wide Web. El acceso puede estar limitado para las bibliotecas afiliadas a elibro.
650 0 _aConstitutions
_zVenezuela.
655 4 _aLibros electrónicos.
700 1 _aEskenazi, Mario,
_ebook designer.
776 0 8 _iPrint version:
_tConstituciones fundacionales de Venezuela.
_dBarcelona, [Spain] : Linkgua, c2016
_happroximately 63 pages
_z9788498161465
797 2 _aelibro, Corp.
856 4 0 _uhttps://elibro.net/ereader/usam/124035
999 _c139749
_d139749